Konjunktúra európskej mafie 1

Bibliographic Details
Main Author: Mišíková, Zuzana (Author)
Format: Article
Language:Slovak
PhysicalDescription:Tab. 2
ISSN:0862-9567
Subjects:

MARC

LEADER 00000nab a2200000 a 4500
001 vtls000627083
003 SK-MaSNL
005 20260303163945.0
008 140228c1997 xo 0 slo
015 |a SNBRB19rr/mm-uuuuu 
035 |a CL0627222 
040 |a SNKBUCL  |b slo  |c SNKBUCL  |e AACR2 
041 0 |a slo 
044 |a xo  |c SK 
080 |a 343.3/.7(4)  |2 1981 
100 1 |a Mišíková, Zuzana  |4 aut  |9 898220 
245 1 0 |a Konjunktúra európskej mafie 1  |c Zuzana Mišíková 
300 |b Tab. 2 
500 |a Dokončenie v č. 102/1997 
650 0 7 |a mafia  |2 snkbucl  |9 2675 
651 7 |a Európa  |2 snkbucl  |9 167569 
655 7 |a články z novín a časopisov  |2 snkbucl  |9 267496 
773 0 |t Hospodárske noviny  |g Roč. 5, č. 101 (29. 5. 1997), s. 12  |x 0862-9567 
850 |a Slovenská národná knižnica v Martine  |a MTA001 
852 |a SNK  |b KIS3GCP 
958 |a RK 
992 |a RBX 
999 |c 2062413  |d 2064343